Sports Quiz

Random Sports or Baseball Quiz

My Favorite Baseball Players Quiz Stats

 Plays Quiz not verified by Sporcle

Challenge
Share
Tweet
Embed
Score 0/9 Timer 03:00
0 Plays Today
Hint Answer % Correct
CatcherA.J. Pierzynzki
100%
1st BasePaul Konerko
87%
Left FieldRyan Braun
69.6%
Center FieldCoco Crisp
69.6%
Right FieldShin Soo Choo
65.2%
PitcherMark Buehrle
60.9%
2nd BaseRickie Weeks
56.5%
3rd BaseConor Gillaspie
43.5%
ShortstopAlexei Ramirez
39.1%

You're not logged in!

Compare scores with friends on all Sporcle quizzes.
Join for Free
OR
Log In

You Might Also Like...

Show Comments

Extras

Top Quizzes Today


Score Distribution

Your Account Isn't Verified!

In order to create a playlist on Sporcle, you need to verify the email address you used during registration. Go to your Sporcle Settings to finish the process.

Report this User

Report this user for behavior that violates our Community Guidelines.

Details: